向内修复:五阶段神经系统疗愈计画,从根源告别内耗,建立稳定身心 (Record no. 322766)

000 -LEADER
fixed length control field 00469 a2200157 4500
020 ## - ISBN
ISBN 9786267244968
082 ## - 索书号 Call Number
分类号Classification number 415.9
作者号 Author number 5760
100 ## - 作者
作者 林妮雅·帕莎勒 Dr. Linnea Passaler 著,
245 ## - 书名 TITLE
书名Title 向内修复:五阶段神经系统疗愈计画,从根源告别内耗,建立稳定身心
250 ## - 版本 EDITION STATEMENT
版本叙述 Edition statement 初版;平装
260 ## - 出版项PUBLICATION, DISTRIBUTION, ETC. (IMPRINT)
出版社 Name of publisher 行路出版
出版日期 Date of publication 2025
出版地 Place of publication 新北市
300 ## - 稽核项 PHYSICAL DESCRIPTION
页数 Number of Pages 334页
尺寸 Dimensions 23公分
500 ## - 一般附注 GENERAL NOTE
附注 General note
700 ## - ADDED ENTRY--PERSONAL NAME
第二作者 / 译者 / 绘者 闻若婷 译
942 ## - ADDED ENTRY ELEMENTS (KOHA)
Koha item type Books
Holdings
Source of classification or shelving scheme Not for loan Permanent Location Current Location Shelving location Date acquired Source of acquisition Cost, normal purchase price Full call number Barcode Cost, replacement price Koha item type
    LIBRARY CHUNG HWA HIGH SCHOOL MUAR LIBRARY CHUNG HWA HIGH SCHOOL MUAR 4 应用科学(二楼 E~F) 2026-02-06 89.60 415.9 5760 050195 179.20 Books

Powered by Koha